FUNDAMENTALS OF OPERATIVE DENTISTRY (Record no. 21834)

MARC details
000 -LEADER
fixed length control field 00370nam a22001577a 4500
003 - CONTROL NUMBER IDENTIFIER
control field SGT
020 ## - INTERNATIONAL STANDARD BOOK NUMBER
International Standard Book Number 978-0867154528
082 ## - DEWEY DECIMAL CLASSIFICATION NUMBER
Classification number 617.605
Item number F06S
100 ## - MAIN ENTRY--PERSONAL NAME
Personal name SUMMITT, JAMES B
245 ## - TITLE STATEMENT
Title FUNDAMENTALS OF OPERATIVE DENTISTRY
250 ## - EDITION STATEMENT
Edition statement 3rd
260 ## - PUBLICATION, DISTRIBUTION, ETC. (IMPRINT)
Place of publication, distribution, etc CHICAGO
Name of publisher, distributor, etc Quintessence India
Year of Publication 2006
300 ## - PAGE DESCRIPTION
No. of Pages 1-600
650 ## - SUBJECT ADDED ENTRY--TOPICAL TERM
Topical term or geographic name as entry element OPERATIVE DENTISTRY
942 ## - ADDED ENTRY ELEMENTS (KOHA)
Source of classification or shelving scheme Dewey Decimal Classification
Koha item type Books
Holdings
Withdrawn status Lost status Source of classification or shelving scheme Damaged status Not for loan Home library Current library Shelving location Date acquired Vendor Name SGTU Total Checkouts Full call number Accession No. (Barcode) Date last seen Date last borrowed Bill Date Koha item type
    Dewey Decimal Classification     SGT Dental Library SGT Dental Library Text Book 10/09/2021 ABC SGTU 3 617.605 F06S FD8441 18/10/2025 06/10/2025 10/09/2021 Books